000 00394nam a2200169Ia 4500
001 3131
005 20260306144858.0
008 260306t9999||||xx |||||||||||||| ||spa||
041 _aESP
082 _a261
_bI35
110 _aUniversidad Católica San Pablo
245 0 _aIglesia y Cultura en América Latina
300 _a
_c
650 _aGEN
654 _aCHU
942 _cLIB
_dJUS
_fJUS
_2ddc
_n
999 _c3131
_d3131